| Tag |
First Indicator |
Second Indicator |
Subfields |
| LEADER |
00000cam a2200000 a 4500 |
| 001 |
in00000029946 |
| 005 |
20151007054829.0 |
| 008 |
860610s1986 dcuaf b 00110 eng d |
| 010 |
|
|
|a 86014159
|
| 020 |
|
|
|a 0880482532 :
|c $27.00
|
| 035 |
|
|
|a (OCoLC)13793865
|
| 035 |
|
|
|9 AAB6343AM
|
| 040 |
|
|
|a DNLM/DLC
|c DLC
|d m/c
|d TXA
|d UtOrBLW
|
| 043 |
|
|
|a n-us-ma
|
| 049 |
|
|
|a TXAM
|c [A12555173]
|
| 050 |
0 |
0 |
|a RC445.M4
|b B447 1986
|
| 060 |
|
0 |
|a WM 28 AM4 S9c
|
| 082 |
0 |
|
|a 362.2/1/097444
|2 19
|
| 100 |
1 |
|
|a Sutton, S. B.
|q (Sylvia B.)
|
| 245 |
1 |
0 |
|a Crossroads in psychiatry :
|b a history of the McLean Hospital /
|c by S.B. Sutton.
|
| 264 |
|
1 |
|a Washington, DC :
|b American Psychiatric Press,
|c [1986]
|
| 264 |
|
4 |
|c ©1986
|
| 300 |
|
|
|a xii, 372 pages, 12 unnumbered pages of plates :
|b illustrations ;
|c 24 cm.
|
| 336 |
|
|
|a text
|b txt
|2 rdacontent
|
| 337 |
|
|
|a unmediated
|b n
|2 rdamedia
|
| 338 |
|
|
|a volume
|b nc
|2 rdacarrier
|
| 504 |
|
|
|a Bibliography: pages 351-361.
|
| 500 |
|
|
|a Includes index.
|
| 610 |
2 |
0 |
|a McLean Hospital
|x History.
|
| 650 |
|
0 |
|a Psychiatric hospital care
|z Massachusetts
|x History.
|
| 650 |
|
0 |
|a Psychiatry
|x History.
|
| 650 |
|
0 |
|a Hospitals, Psychiatric
|x History
|z Massachusetts.
|
| 999 |
|
|
|a MARS
|
| 999 |
f |
f |
|s 16ca1d5a-fa89-3754-9be6-fcce52dd0f07
|i a91a25e1-1ee9-3dab-91fe-5ffdc53aee3e
|t 0
|
| 952 |
f |
f |
|p ric
|a Texas A&M University
|b Rellis Campus
|c Joint Library Facility
|d Remote Storage
|t 0
|e RC445.M4 B447 1986
|h Library of Congress classification
|i unmediated -- volume
|m A14812555173
|
| 998 |
f |
f |
|a RC445.M4 B447 1986
|t 0
|l Remote Storage
|